Miestne samosprávy a územný sociálny rozvoj.
Nutnosť úžšej väzby medzi územnými samosprávnymi jednotkami a podnikateľskými subjektami v záujme územného rozvoja. Odpredaj voľných sociálnych kapacít, ktoré sú v podniku nevyužité vlastnými pracovníkmi. Združovanie prostriedkov viacerých obcí pre účelové akcie.
Salvato in:
| Autore principale: | |
|---|---|
| Natura: | Capitolo di libro |
| Lingua: | slovacco |
| Soggetti: | |
| Tags: |
Nessun Tag, puoi essere il primo ad aggiungerne!!
|
MARC
| LEADER | 00000naa a2200000 4500 | ||
|---|---|---|---|
| 001 | r006138 | ||
| 005 | 20221125081010.8 | ||
| 041 | 0 | |a slo | |
| 044 | |a [CS] | ||
| 245 | 1 | 0 | |a Miestne samosprávy a územný sociálny rozvoj. |c Stanislav Buchta |
| 520 | |a Nutnosť úžšej väzby medzi územnými samosprávnymi jednotkami a podnikateľskými subjektami v záujme územného rozvoja. Odpredaj voľných sociálnych kapacít, ktoré sú v podniku nevyužité vlastnými pracovníkmi. Združovanie prostriedkov viacerých obcí pre účelové akcie. | ||
| 610 | 2 | 0 | |a správa miestna |
| 610 | 2 | 0 | |a rozvoj sociálny |
| 610 | 2 | 0 | |a obce |
| 610 | 2 | 0 | |a združovanie prostriedkov |
| 610 | 2 | 0 | |a plánovanie územné |
| 100 | 1 | |a Buchta, Stanislav | |